Normal view
MARC view
- SHIFNA SHERIN CT
Entry Personal Name
001 - CONTROL NUMBER
- control field: 7943
003 - CONTROL NUMBER IDENTIFIER
- control field: OSt
005 - DATE AND TIME OF LATEST TRANSACTION
- control field: 20260311142738.0
008 - FIXED-LENGTH DATA ELEMENTS
- fixed length control field: 260311|| aca||aabn | a|a d
040 ## - CATALOGING SOURCE
- Original cataloging agency: OSt
- Transcribing agency: OSt
100 ## - HEADING--PERSONAL NAME
- Personal name: SHIFNA SHERIN CT
670 ## - SOURCE DATA FOUND
- Source citation: Work cat.: (OSt)19636: KAVYA ANIL 7942, DEVELOPMENT OF CASHEW FRUIT COLLECTOR AND CASHEW APPLE AND NUT SEPARATOR, 2025
